Effect of heat treating defatted soyflakes on nutrient digestibilities at the end of the small intestine and over the total digestive tract of growing swine.

Bibliographic Details
Main Author: Vandergrift, William Leonard
Other Authors: Jenkins (degree committee member.), Rooney, L. W. (degree committee member.)
Format: Thesis Book
Language:English
Published: 1982.
Subjects:
Online Access:Link to ProQuest Copy
Link to OAKTrust copy

MARC

Tag First Indicator Second Indicator Subfields
LEADER 00000ctm a2200000Ia 4500
001 in00000086728
005 20220104090729.0
008 820922s1982 xx a bm 000 0 eng d
035 |9 AAK0828AM 
035 |a (OCoLC)08794548 
035 |a (OCoLC)8794548 
035 |a (OCoLC)ocm08794548 
040 |a TXA  |b eng  |c TXA  |d OCLCQ  |d OCLCF  |d OCLCO  |d OCLCQ  |d UMI  |d TXA 
049 |a TXAM 
099 |a 1982  |a Dissertation  |a V232 
100 1 |a Vandergrift, William Leonard 
245 1 0 |a Effect of heat treating defatted soyflakes on nutrient digestibilities at the end of the small intestine and over the total digestive tract of growing swine. 
264 1 |c 1982. 
300 |a xi, 88 leaves :  |b illustrations ;  |c 29 cm 
336 |a text  |b txt  |2 rdacontent 
337 |a unmediated  |b n  |2 rdamedia 
338 |a volume  |b nc  |2 rdacarrier 
500 |a "Major subject: Animal Nutrition." 
500 |a Typescript (photocopy). 
500 |a Vita. 
502 |b Ph. D. in Philosophy  |c Texas A & M University  |d 1982 
504 |a Includes bibliographical references (leaves 74-79). 
520 3 |a The effect of cooking time on nutrient digestibilities of soy-flakes determined at the end of the small intestine and over the total digestive tract of growing pigs was studied. Raw defatted soyflakes, with an initial moisture content of 23%, were cooked at atmospheric pressure for a total of 25, 35, 45, 65 and 105 min in a 57 cm diameter French cooker with a horizontal sweep. Twenty-five min of cooking were required for the soyflakes to reach a temperature of 100C. Soyflake temperatures ranged from 100 to 107C after 25 min of cooking. Soybean meal quality was determined by the following in vitro measurements: trypsin inhibitor activity measured by the methods of Kakade and Hamerstrand, urease activity, protein dispersibility index (PDI), nitrogen solubility index (NSI) and Hunterlab color values L, +a and b. Thirty-six barrows, weighing between 25 and 45 kg initially, were surgically fitted with simple T-cannula at the end of the small intestine and used in 6 experimental periods with 6 different pigs per period. Corn starch-soyflakes diets were formulated to provide .70% dietary lysine. Measured at the end of the small intestine and over the total digestive tract, digestibilities of all nutrients were lower (P < .01) for raw than for cooked soyflakes. Soyflakes cooked for different periods of time had similar digestibilities for nitrogen, amino acids and energy measured at the end of the small intestine and over the total tract. Using least squares procedures, maximum digestibility of nitrogen at the end of the small intestine was predicted to occur at the following levels of in vitro measurements: trypsin inhibitor measured by the methods of Kakade equal to 19.3 ug TI/mg of protein and Hamerstrand equal to 4.0 mg TI/g sample; urease activity equal to .15 (DELTA)pH; PDI equal to 22%; NSI equal to 18%; Hunterlab color values L, +a and b equal to 68, 3.5 and 31, respectively. Hunterlab color values L, +a and b could detect differences in soybean meal quality. Correlation coefficients between in vitro measurements and nutrient composition of soyflakes and nutrient digestibilities were also calculated. 
650 0 |a Animal nutrition. 
650 0 |a Digestion. 
650 0 |a Proteins in animal nutrition. 
650 0 |a Soybean as feed. 
650 0 |a Swine  |x Feeding and feeds. 
650 4 |a Animal Nutrition 
655 7 |a Academic theses  |2 lcgft 
700 1 |a Jenkins,  |e degree committee member. 
700 1 |a Knabe, Darrell,  |e degree supervisor. 
700 1 |a Rooney, L. W.,  |e degree committee member. 
700 1 |a Tanksley, T. D.,  |e degree supervisor. 
710 2 |a Texas A & M University,  |e degree granting institution. 
856 4 1 |u http://proxy.library.tamu.edu/login?url=http://proquest.umi.com/pqdweb?did=752867251&sid=1&Fmt=2&clientId=2945&RQT=309&VName=PQD  |z Link to ProQuest Copy  |t 0 
856 4 1 |u https://hdl.handle.net/1969.1/DISSERTATIONS-94418  |z Link to OAKTrust copy  |t 0 
994 |a C0  |b TXA 
999 f f |s 0b567473-06ce-33f6-b749-9efc065abea6  |i c02b81e6-e274-367a-8ce1-a02835153550  |t 0 
952 f f |p noncirc  |a Texas A&M University  |b J.J. Pickle Campus  |c High Density Repository  |s HDR  |d Remote Storage  |t 0  |e 1982 Dissertation V232  |h Other scheme  |i unmediated -- volume  |m A14840927922 
952 f f |a Texas A&M University  |b College Station  |c Electronic Resources  |s www_evans  |d Available Online  |t 0  |e 1982 Dissertation V232  |h Other scheme 
998 f f |a 1982 Dissertation V232  |t 0  |l Available Online 
998 f f |a 1982 Dissertation V232  |t 0  |l Remote Storage